Aves de paso / (Record no. 138412)

MARC details
000 -LEADER
campo de control de longitud fija 00560nam a2200181 4500
001 - NÚMERO DE CONTROL
campo de control 138412
003 - IDENTIFICADOR DE NÚMERO DE CONTROL
campo de control ES-MaACL
005 - FECHA Y HORA DE LA ÚLTIMA TRANSACCIÓN
campo de control 20250714063110.0
007 - CAMPO FIJO DE DESCRIPCIÓN FÍSICA--INFORMACIÓN GENERAL
campo de control de longitud fija t|
008 - DATOS DE LONGITUD FIJA--INFORMACIÓN GENERAL
campo de control de longitud fija 070214s1904 sp r ||||1| spa d
100 1# - ENTRADA PRINCIPAL--NOMBRE DE PERSONA
Nombre de persona Sandoval, Manuel de,
Fechas asociadas al nombre 1874-1932
9 (RLIN) 103105
245 10 - MENCIÓN DEL TÍTULO
Título Aves de paso /
Mención de responsabilidad, etc. Manuel de Sandoval ; prólogo de D. Jacinto Octavio Picón.
260 ## - PUBLICACIÓN, DISTRIBUCIÓN, ETC.
Lugar de publicación, distribución, etc. Madrid :
Nombre del editor, distribuidor, etc. [s. n.],
Fecha de publicación, distribución, etc. 1904.
300 ## - DESCRIPCIÓN FÍSICA
Extensión 123 p. ;
Dimensiones 18 x 11 cm.
700 1# - ENTRADA AGREGADA--NOMBRE PERSONAL
Nombre de persona Picón, Jacinto Octavio,
Fechas asociadas al nombre 1852-1923
9 (RLIN) 91875
852 ## - LOCALIZACIÓN
Ubicación ES-MaACL
Número de control de estantería F-10398
Holdings
Estatus retirado Estado de pérdida Estado de daño No para préstamo Biblioteca de origen Biblioteca actual Ubicación en estantería Fecha de adquisición Fuente de adquisición Total de préstamos Signatura topográfica completa Código de barras Visto por última vez Precio de reemplazo Tipo de ítem Koha
        Biblioteca del Ateneo de Madrid Biblioteca del Ateneo de Madrid Sala Pecera Planta 2 17/01/2008     F-10398 1144026 23/02/2023 23/02/2023 Libro impreso